Statistics for African Countries with Two Borders (with a map)

Click here to take the quiz!

General Stats

  • This quiz has been taken 358 times
  • The average score is 10 of 14

Answers on the Map

Answers color-coded by a green-red scale on the quiz's map according to % correct below.
 

Answer Stats

Country% Correct
Tunisia
93%
Swaziland
83%
Libya
80%
Algeria
79%
Guinea
79%
Sierra Leone
73%
South Africa
73%
Equatorial Guinea
72%
Guinea-Bissau
70%
Mozambique
69%
Gabon
65%
Liberia
65%
Cameroon
61%
Senegal
61%

Score Distribution

Percentile by Number Answered

Percent of People with Each Score

Your Score History

You have not taken this quiz